Le professeur et les images (Record no. 2394)
[ view plain ]
| 000 -LEADER | |
|---|---|
| fixed length control field | 00641nam a2200241 4500 |
| 008 - FIXED-LENGTH DATA ELEMENTS--GENERAL INFORMATION | |
| fixed length control field | s1973 fr fre u |
| 040 ## - CATALOGING SOURCE | |
| Original cataloging agency | LB-BrCRDP |
| 082 1# - DEWEY DECIMAL CLASSIFICATION NUMBER | |
| Classification number | 371.33 |
| Item number | TAR |
| 100 1# - MAIN ENTRY--PERSONAL NAME | |
| Personal name | Tardy, Michel |
| 245 13 - TITLE STATEMENT | |
| Title | Le professeur et les images |
| Statement of responsibility, etc. | Michel Tardy |
| 250 ## - EDITION STATEMENT | |
| Edition statement | 2e éd. |
| 260 ## - PUBLICATION, DISTRIBUTION, ETC. | |
| Place of publication, distribution, etc. | Paris |
| Name of publisher, distributor, etc. | Puf |
| Date of publication, distribution, etc. | 1973 |
| 300 ## - PHYSICAL DESCRIPTION | |
| Extent | 132 p. |
| Dimensions | 18 cm |
| 490 0# - SERIES STATEMENT | |
| Series statement | Collection SUP |
| 500 ## - GENERAL NOTE | |
| General note | Table des matières, bibliographie. |
| 650 4# - SUBJECT ADDED ENTRY--TOPICAL TERM | |
| Topical term or geographic name entry element | Psychanalyse |
| 650 4# - SUBJECT ADDED ENTRY--TOPICAL TERM | |
| Topical term or geographic name entry element | Pédagogie |
| 650 4# - SUBJECT ADDED ENTRY--TOPICAL TERM | |
| Topical term or geographic name entry element | Image |
| 650 4# - SUBJECT ADDED ENTRY--TOPICAL TERM | |
| Topical term or geographic name entry element | Communication |
| 650 4# - SUBJECT ADDED ENTRY--TOPICAL TERM | |
| Topical term or geographic name entry element | Enseignement |
| 942 ## - ADDED ENTRY ELEMENTS (KOHA) | |
| Koha item type | Books |
| Withdrawn status | Lost status | Source of classification or shelving scheme | Damaged status | Not for loan | Home library | Current library | Shelving location | Date acquired | Source of acquisition | Cost, normal purchase price | Total Checkouts | Full call number | Barcode | Date last seen | Copy number | Price effective from | Koha item type |
|---|---|---|---|---|---|---|---|---|---|---|---|---|---|---|---|---|---|
| Dewey Decimal Classification | مكتبة دار المعلمين و المعلمات - زحلة | مكتبة دار المعلمين و المعلمات - زحلة | Salle de Lecture | 06/27/2007 | CRDP | 0.00 | 371.33 TAR | CRZ2498 | 07/27/2016 | 1 | 07/27/2016 | Books |